NBA Top 5 Assists Every Year 1947-1999 - Statistics

General Stats
  • This quiz has been taken 166 times
    16 since last reset
  • The average score is 127 of 265
Answer Stats
Year Team Player % Correct
1999: 1 Suns Jason Kidd
100%
1998: 2 Suns Jason Kidd
100%
1997: 4 Mavericks/Suns Jason Kidd
100%
1996: 2 Mavericks Jason Kidd
100%
1996: 3 Spurs Avery Johnson
93%
1983: 5 Bullets Frank Johnson
93%
1972: 1 Lakers Jerry West
93%
1970: 4 Lakers Jerry West
93%
1967: 4 Lakers Jerry West
93%
1966: 5 Lakers Jerry West
93%
1965: 5 Lakers Jerry West
93%
1964: 3 Lakers Jerry West
93%
1998: 5 Jazz John Stockton
93%
1997: 2 Jazz John Stockton
93%
1996: 1 Jazz John Stockton
93%
1995: 1 Jazz John Stockton
93%
1994: 1 Jazz John Stockton
93%
1993: 1 Jazz John Stockton
93%
1992: 1 Jazz John Stockton
93%
1991: 1 Jazz John Stockton
93%
1990: 1 Jazz John Stockton
93%
1989: 1 Jazz John Stockton
93%
1988: 1 Jazz John Stockton
93%
1997: 3 Suns Kevin Johnson
93%
1994: 5 Suns Kevin Johnson
93%
1992: 2 Suns Kevin Johnson
93%
1991: 4 Suns Kevin Johnson
93%
1990: 3 Suns Kevin Johnson
93%
1989: 3 Suns Kevin Johnson
93%
1991: 2 Lakers Magic Johnson
93%
1990: 2 Lakers Magic Johnson
93%
1989: 2 Lakers Magic Johnson
93%
1988: 2 Lakers Magic Johnson
93%
1987: 1 Lakers Magic Johnson
93%
1986: 1 Lakers Magic Johnson
93%
1985: 2 Lakers Magic Johnson
93%
1984: 1 Lakers Magic Johnson
93%
1983: 1 Lakers Magic Johnson
93%
1982: 2 Lakers Magic Johnson
93%
1973: 4 Bucks Oscar Robertson
93%
1971: 3 Bucks Oscar Robertson
93%
1969: 1 Royals Oscar Robertson
93%
1968: 1 Royals Oscar Robertson
93%
1967: 2 Royals Oscar Robertson
93%
1966: 1 Royals Oscar Robertson
93%
1965: 1 Royals Oscar Robertson
93%
1964: 1 Royals Oscar Robertson
93%
1963: 2 Royals Oscar Robertson
93%
1962: 1 Royals Oscar Robertson
93%
1961: 1 Royals Oscar Robertson
93%
1999: 4 SuperSonics Gary Payton
87%
1987: 3 Pistons Isiah Thomas
87%
1986: 2 Pistons Isiah Thomas
87%
1985: 1 Pistons Isiah Thomas
87%
1984: 2 Pistons Isiah Thomas
87%
1998: 3 Pacers Mark Jackson
87%
1997: 1 Nuggets/Pacers Mark Jackson
87%
1993: 4 Clippers Mark Jackson
87%
1988: 3 Knicks Mark Jackson
87%
1976: 5 Warriors Rick Barry
80%
1995: 3 Warriors Tim Hardaway
80%
1993: 2 Warriors Tim Hardaway
80%
1992: 3 Warriors Tim Hardaway
80%
1991: 5 Warriors Tim Hardaway
80%
1974: 4 Knicks Walt Frazier
80%
1971: 5 Knicks Walt Frazier
80%
1970: 2 Knicks Walt Frazier
80%
1969: 3 Knicks Walt Frazier
80%
1966: 3 Celtics K.C. Jones
73%
1965: 3 Celtics K.C. Jones
73%
1964: 5 Celtics K.C. Jones
73%
1963: 3 Celtics Bob Cousy
67%
1962: 3 Celtics Bob Cousy
67%
1961: 3 Celtics Bob Cousy
67%
1960: 1 Celtics Bob Cousy
67%
1959: 1 Celtics Bob Cousy
67%
1958: 1 Celtics Bob Cousy
67%
1957: 1 Celtics Bob Cousy
67%
1956: 1 Celtics Bob Cousy
67%
1955: 1 Celtics Bob Cousy
67%
1954: 1 Celtics Bob Cousy
67%
1953: 1 Celtics Bob Cousy
67%
1952: 2 Celtics Bob Cousy
67%
1951: 4 Celtics Bob Cousy
67%
1996: 5 Raptors Damon Stoudamire
67%
1981: 1 Bullets Kevin Porter
67%
1979: 1 Pistons Kevin Porter
67%
1978: 1 Pistons/Nets Kevin Porter
67%
1977: 4 Pistons Kevin Porter
67%
1975: 1 Bullets Kevin Porter
67%
1982: 4 Celtics Nate Archibald
67%
1981: 5 Celtics Nate Archibald
67%
1980: 2 Celtics Nate Archibald
67%
1976: 2 Kings Nate Archibald
67%
1975: 3 Kings Nate Archibald
67%
1973: 1 Kings Nate Archibald
67%
1972: 3 Royals Nate Archibald
67%
1989: 4 Trail Blazers Terry Porter
67%
1988: 4 Trail Blazers Terry Porter
67%
1987: 5 Trail Blazers Terry Porter
67%
1968: 2 76ers Wilt Chamberlain
67%
1967: 3 76ers Wilt Chamberlain
67%
1975: 2 Pistons Dave Bing
60%
1974: 5 Pistons Dave Bing
60%
1973: 3 Pistons Dave Bing
60%
1969: 4 Pistons Dave Bing
60%
1968: 4 Pistons Dave Bing
60%
1988: 5 Hawks Doc Rivers
60%
1987: 4 Hawks Doc Rivers
60%
1986: 5 76ers Maurice Cheeks
60%
1982: 3 76ers Maurice Cheeks
60%
1995: 5 Hornets Muggsy Bogues
60%
1994: 2 Hornets Muggsy Bogues
60%
1993: 5 Hornets Muggsy Bogues
60%
1992: 4 Hornets Muggsy Bogues
60%
1990: 4 Hornets Muggsy Bogues
60%
1975: 4 Braves Randy Smith
60%
1999: 2 Wizards Rod Strickland
60%
1998: 1 Wizards Rod Strickland
60%
1997: 5 Bullets Rod Strickland
60%
1996: 4 Trail Blazers Rod Strickland
60%
1995: 4 Trail Blazers Rod Strickland
60%
1992: 5 Spurs Rod Strickland
60%
1993: 3 Magic Scott Skiles
60%
1985: 4 Clippers Norm Nixon
53%
1984: 2 Clippers Norm Nixon
53%
1982: 5 Lakers Norm Nixon
53%
1981: 2 Lakers Norm Nixon
53%
1980: 4 Lakers Norm Nixon
53%
1979: 3 Lakers Norm Nixon
53%
1978: 4 Lakers Norm Nixon
53%
1975: 5 Jazz Pete Maravich
53%
1983: 3 Jazz Rickey Green
53%
1963: 4 Zephyrs Si Green
53%
1995: 2 Nets Kenny Anderson
47%
1972: 5 Celtics John Havlicek
47%
1971: 4 Celtics John Havlicek
47%
1994: 4 Nets Kenny Anderson
47%
1974: 3 Cavaliers Lenny Wilkens
47%
1973: 2 Cavaliers Lenny Wilkens
47%
1972: 2 SuperSonics Lenny Wilkens
47%
1971: 2 SuperSonics Lenny Wilkens
47%
1970: 1 SuperSonics Lenny Wilkens
47%
1969: 2 SuperSonics Lenny Wilkens
47%
1968: 3 Hawks Lenny Wilkens
47%
1966: 4 Hawks Lenny Wilkens
47%
1965: 4 Hawks Lenny Wilkens
47%
1963: 5 Hawks Lenny Wilkens
47%
1994: 3 Hawks Mookie Blaylock
47%
1999: 3 Timberwolves/Nets Stephon Marbury
47%
1998: 4 Timberwolves Stephon Marbury
47%
1985: 3 Spurs Johnny Moore
40%
1984: 5 Spurs Johnny Moore
40%
1983: 2 Spurs Johnny Moore
40%
1982: 1 Spurs Johnny Moore
40%
1991: 3 Nuggets Michael Adams
40%
1981: 4 Knicks Michael Richardson
40%
1980: 1 Knicks Michael Richardson
40%
1986: 3 Kings Reggie Theus
40%
1987: 2 Warriors Sleepy Floyd
40%
1976: 3 Rockets Calvin Murphy
33%
1974: 2 Rockets Calvin Murphy
33%
1950: 5 Nationals Dolph Schayes
33%
1970: 5 Suns Gail Goodrich
33%
1990: 5 Clippers Gary Grant
33%
1953: 3 Nationals George King
33%
1984: 4 Spurs John Lucas
33%
1980: 5 Warriors John Lucas
33%
1979: 2 Warriors John Lucas
33%
1978: 2 Rockets John Lucas
33%
1989: 5 SuperSonics Nate McMillan
33%
1979: 5 Suns Paul Westphal
33%
1974: 1 Braves Ernie DiGregorio
27%
1962: 4 Knicks Richie Guerin
27%
1961: 5 Knicks Richie Guerin
27%
1960: 3 Knicks Richie Guerin
27%
1959: 4 Knicks Richie Guerin
27%
1957: 5 Knicks/Hawks Slater Martin
27%
1956: 3 Hawks Slater Martin
27%
1955: 5 Hawks Slater Martin
27%
1999: 5 Bucks/Timberwolves Terrell Brandon
27%
1969: 5 Bucks Guy Rodgers
20%
1967: 1 Bulls Guy Rodgers
20%
1966: 2 Warriors Guy Rodgers
20%
1965: 2 Warriors Guy Rodgers
20%
1964: 2 Warriors Guy Rodgers
20%
1963: 1 Warriors Guy Rodgers
20%
1962: 2 Warriors Guy Rodgers
20%
1961: 2 Warriors Guy Rodgers
20%
1960: 2 Warriors Guy Rodgers
20%
1978: 5 Bulls Norm Van Lier
20%
1977: 3 Bulls Norm Van Lier
20%
1976: 4 Bulls Norm Van Lier
20%
1973: 5 Bulls Norm Van Lier
20%
1971: 1 Royals Norm Van Lier
20%
1981: 3 Kings Phil Ford
20%
1979: 4 Kings Phil Ford
20%
1980: 3 Cavaliers Foots Walker
13%
1956: 5 Pistons Andy Phillip
7%
1955: 2 Pistons Andy Phillip
7%
1954: 2 Pistons Andy Phillip
7%
1953: 2 Warriors/Pistons Andy Phillip
7%
1952: 1 Warriors Andy Phillip
7%
1951: 1 Warriors Andy Phillip
7%
1950: 1 Stags Andy Phillip
7%
1949: 2 Stags Andy Phillip
7%
1948: 3 Stags Andy Phillip
7%
1972: 4 76ers/Bullets Archie Clark
7%
1954: 5 Royals Bob Davies
7%
1952: 4 Royals Bob Davies
7%
1950: 4 Royals Bob Davies
7%
1949: 1 Royals Bob Davies
7%
1959: 2 Pistons Dick McGuire
7%
1958: 2 Pistons Dick McGuire
7%
1955: 3 Knicks Dick McGuire
7%
1954: 3 Knicks Dick McGuire
7%
1953: 4 Knicks Dick McGuire
7%
1952: 3 Knicks Dick McGuire
7%
1951: 2 Knicks Dick McGuire
7%
1950: 2 Knicks Dick McGuire
7%
1957: 4 Warriors Jack George
7%
1956: 2 Warriors Jack George
7%
1986: 4 Cavaliers John Bagley
7%
1985: 5 Cavaliers John Bagley
7%
1951: 5 Olympians Ralph Beard
7%
1977: 2 SuperSonics Slick Watts
7%
1976: 1 SuperSonics Slick Watts
7%
1977: 5 Hawks/Bullets Tom Henderson
7%
1950: 3 Nationals Al Cervi
0%
1959: 5 Knicks Carl Braun
0%
1958: 5 Knicks Carl Braun
0%
1948: 5 Stags Chuck Gilmur
0%
1970: 3 Bulls Clem Haskins
0%
1977: 1 Pacers Don Buse
0%
1949: 4 Steamrollers Ernie Calverley
0%
1948: 1 Steamrollers Ernie Calverley
0%
1947: 1 Steamrollers Ernie Calverley
0%
1962: 5 Pistons Gene Shue
0%
1961: 4 Pistons Gene Shue
0%
1952: 5 Warriors George Senesky
0%
1951: 3 Warriors George Senesky
0%
1967: 5 Knicks Howard Komives
0%
1948: 2 Warriors Howie Dallmar
0%
1947: 4 Warriors Howie Dallmar
0%
1957: 2 Hawks Jack McMahon
0%
1949: 5 Celtics Jim Seminoff
0%
1948: 4 Stags Jim Seminoff
0%
1949: 3 Bombers John Logan
0%
1964: 4 Pistons/Knicks Johnny Egan
0%
1947: 2 Rebels Kenny Sailors
0%
1960: 4 Nationals Larry Costello
0%
1959: 3 Nationals Larry Costello
0%
1983: 4 Knicks Larry Drew
0%
1958: 3 Royals Maurice Stokes
0%
1957: 3 Royals Maurice Stokes
0%
1947: 5 Stags Mickey Rottner
0%
1947: 3 Knicks Ossie Schectman
0%
1955: 4 Nationals Paul Seymour
0%
1954: 4 Nationals Paul Seymour
0%
1953: 5 Nationals Paul Seymour
0%
1978: 3 Pacers Ricky Sobers
0%
1960: 5 Warriors Tom Gola
0%
1958: 4 Warriors Tom Gola
0%
1956: 4 Warriors Tom Gola
0%
1968: 5 SuperSonics Walt Hazzard
0%
No matching quizzes found
Score Distribution
Percent of People with Each Score
Percentile by Number Answered
Your Score History
You have not taken this quiz since the last reset